| 000 | 00874cam a22003134a 4500 | ||
|---|---|---|---|
| 001 | 14496939 | ||
| 003 | OSt | ||
| 005 | 20140310184259.0 | ||
| 008 | 060812s2006 nyu j 000 0 eng | ||
| 010 | _a 2006297400 | ||
| 020 | _a0439740371 (pbk.) | ||
| 040 |
_aDLC _cDLC |
||
| 050 | 0 | 0 |
_aHF 5381.2 _b.D35 2006 |
| 100 | 1 |
_aDaley, Patrick. _922946 |
|
| 245 | 1 | 0 |
_aYou call that a job? / _bPatrick Daley. |
| 260 |
_aNew York : _bScholastic, _c2006. |
||
| 300 |
_a16 p. ; _c23 cm. |
||
| 490 | 0 |
_aScholastic FX books ; _vbook 21 |
|
| 521 | _aG1 | ||
| 526 | _c230 | ||
| 650 | 0 |
_aOccupations _vJuvenile literature. _922947 |
|
| 906 |
_a7 _bcbc _corignew _d2 _encip _f20 _gy-gencatlg |
||
| 942 |
_2lcc _cBK-SCHOLAS |
||
| 999 |
_c33434 _d33434 |
||